1028 1031 1207 1230 1747 1482 1349 1100 1995 1720 1912 1197 1210 1137 1435 1066 1751 1612 1775 1752 1187 1463 1608 1303 1613 1801 1817 1824 1517 1236 1421 1417 1400 1130 1871 1697 1116 1594 1724 1326 1920 1860 1125 1763 1645 1596 1301 1237 1040 1877 1249 1970 1733 1090 1461 1793 1544 1116 1337 1311 1878 1046 1919 1881 1651 1872 1330 1266 1404 1520 1773 1245 1967 1985 1241 1284 1201 1298 1614 1079 1936 1164 1792 1330 1787 1061 1163 1875 1669 1433 1155 1028 1048 1477 1505 1928 1508 1708 1522 BCNSPRNW ULIB Ver.6.0+V

เปลี่ยนเป็นภาษาไทย

Change to English
 แสดงรายละเอียดบรรณานุกรม
  กลับหน้าหลัก

Brief Record : Get Marc (ISO 2709) : E-mail record : QR code < ปิดหน้าต่าง
LEADER : 00000nam 2200000uu 4500
001    13399127454
003     ULIB
008    200527s2562||||th 000 0 tha d
020    ^a9786164852624
060 04 ^aWA105^bก674ต
100 0  ^aกิตติพงษ์ คงสมบูรณ์
245 10 ^aตำราวิจัยทางระบาดวิทยาสำหรับนิสิตแพทย์ =^bTextbook ofedidemiological research for medical students /^cกิตติพงษ์คงสมบูรณ์
246 31 ^aTextbook of edidemiological research for medical students
250    ^aพิมพ์ครั้งที่ 2
260    ^aกรุงเทพฯ :^bโรงพิมพ์แห่งจุฬาลงกรณ์มหาวิทยาลัย,^c2562
300    ^a296 หน้า :^bภาพประกอบ ;^c26 ซม.
650  2 ^aEpidemiology
650  4 ^aระบาดวิทยา
945    ^p300^l0^i28343
945    ^p300^l0^i28344
945    ^p300^l0^i28345
945    ^p300^l0^i28346
945    ^p300^l0^i28347
999    ^aกัณชพร จุลอักษร
รายการนี้ยังไม่มีแท็ก
คุณยังไม่ได้ล็อกอิน คุณสามารถมีกิจกรรมร่วมกับเว็บไซต์ได้ แต่ต้องล็อกอินก่อน ::
  ล็อกอิน

รายการสื่อสารสนเทศ

ลำดับที่ ประเภท เลขเรียก/บาร์โค้ด สถานที่ สถานะ
1. หนังสือสำรอง
หนังสือสำรอง
WA105 ก674ต ฉ.1 
  Barcode: 28343
ห้องสมุดวิทยาเขตนครสวรรค์
►หนังสือทั่วไป:l:General Books
บนชั้น
2. วิทยาศาสตร์การแพทย์ และสุขภาพ
วิทยาศาสตร์การแพทย์ และสุขภาพ
WA105 ก674ต ฉ.2 
  Barcode: 28344
ห้องสมุดวิทยาเขตนครสวรรค์
►หนังสือทั่วไป:l:General Books
บนชั้น
3. วิทยาศาสตร์การแพทย์ และสุขภาพ
วิทยาศาสตร์การแพทย์ และสุขภาพ
WA105 ก674ต ฉ.3 
  Barcode: 28345
ห้องสมุดวิทยาเขตนครสวรรค์
►หนังสือทั่วไป:l:General Books
บนชั้น
4. วิทยาศาสตร์การแพทย์ และสุขภาพ
วิทยาศาสตร์การแพทย์ และสุขภาพ
WA105 ก674ต ฉ.4 
  Barcode: 28346
ห้องสมุดวิทยาเขตนครสวรรค์
►หนังสือทั่วไป:l:General Books
บนชั้น
5. วิทยาศาสตร์การแพทย์ และสุขภาพ
วิทยาศาสตร์การแพทย์ และสุขภาพ
WA105 ก674ต ฉ.5 
  Barcode: 28347
ห้องสมุดวิทยาเขตนครสวรรค์
►หนังสือทั่วไป:l:General Books
บนชั้น

รายการใกล้เคียง
    ผู้แต่ง [กิตติพงษ์ คงสมบูรณ์]

    หัวเรื่อง [Epidemiology]
    หัวเรื่อง [ระบาดวิทยา]

BibComment


ยังไม่เคยถูกคอมเมนท์

คอมเมนท์ทรัพยากรรายการนี้
  คอมเมนท์: ตำราวิจัยทางระบา..


 Copyright 2026. Bcnsprnw @Library